Statistics for Guess the Famous People from their Eyes #24

Click here to take the quiz!

General Stats

  • This quiz has been taken 60 times
  • The average score is 5 of 16

Answer Stats

Answer% Correct
Michelle Obama
94%
Mike Tyson
85%
Anna Kendrick
56%
Prince Philip
48%
Steve Martin
48%
Bryan Cranston
46%
John McCain
24%
Kirstie Alley
24%
Maisie Williams
22%
Carlo Ancelotti
15%
Laura Bush
13%
Vince McMahon
13%
Alexis Bledel
9%
Anthony Anderson
9%
Julie Bowen
6%
Shania Twain
4%

Score Distribution

Percentile by Number Answered

Percent of People with Each Score

Your Score History

You have not taken this quiz